Tiểu thuyết

Uloženo v:
Podrobná bibliografie
Hlavní autor: Trịnh, Thanh Phong
Médium: Kniha
Jazyk:Undetermined
Vydáno: Hà Nội Hội nhà văn 2018
Témata:
Tagy: Přidat tag
Žádné tagy, Buďte první, kdo otaguje tento záznam!
Thư viện lưu trữ: Trung tâm Học liệu Trường Đại học Cần Thơ
LEADER 00517nam a2200181Ia 4500
001 CTU_232876
008 210402s9999 xx 000 0 und d
082 |a 895.9223 
082 |b Ph431 
100 |a Trịnh, Thanh Phong 
245 0 |a Tiểu thuyết 
245 0 |c Trịnh Thanh Phong 
260 |a Hà Nội 
260 |b Hội nhà văn 
260 |c 2018 
650 |a Tiểu thuyết Việt Nam,Vietnamese fiction 
910 |b nthai 
980 |a Trung tâm Học liệu Trường Đại học Cần Thơ